[Event "CEDIS Festival saha 2026 - 1. turnir"]
[Site "Podgorica"]
[Date "2026.04.05"]
[Round "4.9"]
[White "Vujovic, Andrija"]
[Black "Rabrenovic, Matija"]
[Result "1/2-1/2"]
[WhiteElo "1513"]
[BlackElo "1810"]
[WhiteFideId "-1"]
[BlackFideId "-1"]
[PlyCount "125"]
[GameId "2295586544309500"]
[EventDate "2026.04.03"]
[EventType "swiss"]
[EventRounds "5"]
[EventCountry "MNE"]
[SourceVersionDate "2026.04.04"]

1. d4 d5 2. c4 e6 3. Nc3 Be7 4. Nf3 Nf6 5. Bf4 O-O 6. e3 c5 7. cxd5 exd5 8. dxc5 Bxc5 9. Nd4 Nc6 10. Nxc6 bxc6 11. Bd3 Re8 12. O-O Bb6 13. Na4 Bc7 14. Bxc7 Qxc7 15. h3 Ne4 16. Rc1 Re6 17. Nc5 Nxc5 18. Rxc5 Rh6 19. Qf3 Qd6 20. Rfc1 Bd7 21. e4 dxe4 22. Bxe4 Rf6 23. Qd3 Qxd3 24. Bxd3 Rd6 25. Be4 Rc8 26. b4 f5 27. Bxf5 Bxf5 28. Rxf5 Rb8 29. Rb1 Rd2 30. Ra5 Re8 31. Rb3 Rf8 32. Rf3 Rxf3 33. gxf3 Rd7 34. Rc5 Rd6 35. Ra5 Rd7 36. Ra6 Rc7 37. Kf1 Kf7 38. Ke2 g5 39. Kd3 Rd7+ 40. Kc4 Rd2 41. Rxa7+ Kg6 42. Ra6 Rxf2 43. Rxc6+ Kf5 44. Rc8 Rc2+ 45. Kb5 Rxc8 46. a4 Rb8+ 47. Kc5 Kf4 48. b5 Kxf3 49. b6 h5 50. Kc6 g4 51. hxg4 hxg4 52. a5 g3 53. a6 g2 54. a7 Rxb6+ 55. Kxb6 g1=Q+ 56. Kb7 Qb1+ 57. Ka8 Qe4+ 58. Kb8 Qe5+ 59. Kc8 Qd5 60. Kb8 Qd6+ 61. Kc8 Qc5+ 62. Kb7 Qd5+ 63. Kb8 1/2-1/2

[Event "CEDIS Festival saha 2026 - 1. turnir"]
[Site "Podgorica"]
[Date "2026.04.05"]
[Round "4.10"]
[White "Popovic, Nikola"]
[Black "Sorochenkov, Alexander"]
[Result "0-1"]
[WhiteElo "1760"]
[BlackElo "1429"]
[WhiteFideId "-1"]
[BlackFideId "-1"]
[PlyCount "92"]
[GameId "2295587827930492"]
[EventDate "2026.04.03"]
[EventType "swiss"]
[EventRounds "5"]
[EventCountry "MNE"]
[SourceVersionDate "2026.04.04"]

1. e4 c5 2. Nf3 d6 3. d4 cxd4 4. Nxd4 Nf6 5. Nc3 a6 6. Rg1 e5 7. Nb3 Be7 8. g4 Nfd7 9. Be3 Nc6 10. Nd5 b5 11. g5 Bb7 12. Qd2 Nc5 13. Bd3 Bc8 14. O-O-O Be6 15. Kb1 Nxd3 16. Qxd3 Bxd5 17. exd5 Na5 18. f4 Nc4 19. fxe5 Nxe5 20. Qe4 Rc8 21. Bf4 Rc4 22. Rd4 Qc7 23. Rxc4 Qxc4 24. Nd4 O-O 25. Bxe5 dxe5 26. Qxe5 Bc5 27. Nf5 f6 28. Qe6+ Rf7 29. Qe8+ Rf8 30. Qe6+ Kh8 31. Nd6 Bxd6 32. Qxd6 Rc8 33. Rc1 fxg5 34. Qxa6 Rd8 35. Rd1 h6 36. a3 Kh7 37. d6 Qe2 38. Rd3 Qe1+ 39. Ka2 Qe6+ 40. Kb1 Qe1+ 41. Ka2 Qe6+ 42. b3 Rc8 43. Rd2 Qf5 44. Kb1 Qf1+ 45. Kb2 Qf6+ 46. Kc1 Qa1# 0-1

[Event "CEDIS Festival saha 2026 - 1. turnir"]
[Site "Podgorica"]
[Date "2026.04.05"]
[Round "4.12"]
[White "Baranin, Gojko"]
[Black "Vukovic, Stefan"]
[Result "1-0"]
[WhiteElo "1896"]
[BlackElo "1519"]
[WhiteFideId "-1"]
[BlackFideId "-1"]
[PlyCount "34"]
[GameId "2295590365656635"]
[EventDate "2026.04.03"]
[EventType "swiss"]
[EventRounds "5"]
[EventCountry "MNE"]
[SourceVersionDate "2026.04.04"]

1. e4 e5 2. Nf3 d6 3. Bc4 Be7 4. Nc3 Nc6 5. a3 Bg4 6. h3 Bh5 7. g4 Bg6 8. h4 h6 9. d3 Nd4 10. h5 Bh7 11. Rg1 Nxf3+ 12. Qxf3 f6 13. Be6 c6 14. Be3 Qb8 15. d4 Bd8 16. dxe5 dxe5 17. O-O-O b5 1-0

[Event "CEDIS Festival saha 2026 - 1. turnir"]
[Site "Podgorica"]
[Date "2026.04.05"]
[Round "4.13"]
[White "Shevtsov, Konstantin"]
[Black "Vesovic, Nebojsa"]
[Result "0-1"]
[WhiteElo "1440"]
[BlackElo "1807"]
[WhiteFideId "-1"]
[BlackFideId "-1"]
[PlyCount "84"]
[GameId "2295591013926492"]
[EventDate "2026.04.03"]
[EventType "swiss"]
[EventRounds "5"]
[EventCountry "MNE"]
[SourceVersionDate "2026.04.04"]

1. e4 e5 2. Nc3 Nc6 3. Bc4 Nf6 4. d3 Bc5 5. f4 d6 6. f5 h6 7. Nf3 a6 8. a3 Ng4 9. Rf1 Nf6 10. h3 Bd7 11. Qe2 b5 12. Ba2 b4 13. Nd5 bxa3 14. bxa3 Rb8 15. g4 Nxd5 16. Bxd5 Nd4 17. Qd2 Nxf3+ 18. Rxf3 Qh4+ 19. Kd1 Bd4 20. c3 Ba4+ 21. Ke2 Bb6 22. Rb1 O-O 23. Rb4 Bd7 24. Qa2 Rbd8 25. Be3 Bxe3 26. Rxe3 Qg5 27. Rc4 Qf4 28. Rxc7 Qh2+ 29. Ke1 Qg1+ 30. Ke2 Ba4 31. Bxf7+ Kh8 32. Bb3 Qg2+ 33. Ke1 Qg1+ 34. Ke2 Rb8 35. Bc2 Bxc2 36. Qxc2 Rb1 37. Qd2 Rfb8 38. f6 gxf6 39. h4 R8b2 40. Rc8+ Kg7 41. Rc7+ Kf8 42. Rc8+ Ke7 0-1

[Event "CEDIS Festival saha 2026 - 1. turnir"]
[Site "Podgorica"]
[Date "2026.04.05"]
[Round "4.14"]
[White "Djukic, Katarina"]
[Black "Mitrovic, Danilo"]
[Result "1-0"]
[WhiteElo "1732"]
[BlackElo "1629"]
[WhiteFideId "-1"]
[BlackFideId "-1"]
[PlyCount "87"]
[GameId "2295528292881583"]
[EventDate "2026.04.03"]
[EventType "swiss"]
[EventRounds "5"]
[EventCountry "MNE"]
[SourceVersionDate "2026.04.04"]

1. e4 c6 2. Nc3 d5 3. Nf3 dxe4 4. Nxe4 Bg4 5. h3 Bh5 6. Ng3 Bg6 7. h4 h6 8. Ne5 Qd6 9. d4 Nd7 10. Nxg6 Qxg6 11. Bd3 Qe6+ 12. Be3 Ngf6 13. Qf3 O-O-O 14. O-O Qg4 15. Qxg4 Nxg4 16. Bf4 e5 17. dxe5 Ngxe5 18. Bf5 Bd6 19. Be3 a6 20. Ne4 Be7 21. Bb6 Rde8 22. h5 g6 23. hxg6 fxg6 24. Bh3 Kb8 25. Bd4 Kc7 26. Bxd7 Nxd7 27. Bxh8 Rxh8 28. Rad1 Rf8 29. Rd2 Rf4 30. f3 Nb6 31. Rfd1 Rf7 32. Nd6 Bxd6 33. Rxd6 Rg7 34. Re6 Nd5 35. c4 Ne7 36. g4 h5 37. Kg2 b5 38. cxb5 axb5 39. Rdd6 Nd5 40. Rxc6+ Kb7 41. Kg3 hxg4 42. Rxg6 Re7 43. Rcd6 Ne3 44. fxg4 1-0

[Event "CEDIS Festival saha 2026 - 1. turnir"]
[Site "Podgorica"]
[Date "2026.04.05"]
[Round "5.1"]
[White "Musovic, Armin"]
[Black "Kramich, Aliaksei"]
[Result "0-1"]
[WhiteElo "2176"]
[BlackElo "2195"]
[WhiteFideId "-1"]
[BlackFideId "-1"]
[PlyCount "74"]
[GameId "2295917518089298"]
[EventDate "2026.04.03"]
[EventType "swiss"]
[EventRounds "5"]
[EventCountry "MNE"]
[SourceVersionDate "2026.04.04"]

1. a3 f5 2. Nh3 g6 3. e4 fxe4 4. d3 d5 5. dxe4 Bxh3 6. gxh3 d4 7. Qd3 Qd6 8. Nd2 Nc6 9. Nc4 Qf6 10. Qg3 Bh6 11. f4 Qe6 12. Bd3 O-O-O 13. b4 b5 14. Nd2 Nf6 15. Bxb5 d3 16. Bxd3 Nd4 17. O-O Nh5 18. Bc4 Ne2+ 19. Kf2 Qb6+ 20. Qe3 Qxe3+ 21. Kxe3 Nxc1 22. Raxc1 Nxf4 23. Ba6+ Kb8 24. Nb3 Nd3+ 25. Ke2 Nxc1+ 26. Rxc1 Bxc1 27. Nxc1 Rd6 28. Bd3 e5 29. Nb3 Rf8 30. Nc5 Rf4 31. Bb5 Rh4 32. Ba4 Rxh3 33. Kf2 Rd2+ 34. Ke1 Rhxh2 35. Nd7+ Rxd7 36. Bxd7 Rxc2 37. b5 Kb7 0-1

[Event "CEDIS Festival saha 2026 - 1. turnir"]
[Site "Podgorica"]
[Date "2026.04.05"]
[Round "5.2"]
[White "Zizic, Djordje"]
[Black "Jovancevic, Jovan"]
[Result "1-0"]
[WhiteElo "2152"]
[BlackElo "2163"]
[WhiteFideId "-1"]
[BlackFideId "-1"]
[PlyCount "75"]
[GameId "2295918561098883"]
[EventDate "2026.04.03"]
[EventType "swiss"]
[EventRounds "5"]
[EventCountry "MNE"]
[SourceVersionDate "2026.04.04"]

1. e4 g6 2. d4 Bg7 3. Nc3 c6 4. Nf3 d5 5. e5 Bg4 6. h3 Bxf3 7. Qxf3 e6 8. Bd3 Ne7 9. h4 h5 10. Bg5 a6 11. Ne2 c5 12. c3 Nbc6 13. O-O Qb6 14. Rfc1 Rc8 15. Qe3 c4 16. Bc2 Qc7 17. b4 cxb3 18. axb3 Na5 19. Qd2 Nec6 20. Nf4 b5 21. Ra2 Qb6 22. Rca1 Kd7 23. c4 Qxd4 24. Nd3 Nb7 25. Be3 Qxh4 26. cxd5 Nxe5 27. dxe6+ Kc7 28. Rxa6 Nd6 29. Bb6+ Kb7 30. Nc5+ Rxc5 31. Ra7+ Kc8 32. Ra8+ Kb7 33. R8a7+ Kc8 34. Qxd6 Nf3+ 35. gxf3 Rg5+ 36. Kf1 Qh1+ 37. Ke2 Re5+ 38. Qxe5 1-0

[Event "CEDIS Festival saha 2026 - 1. turnir"]
[Site "Podgorica"]
[Date "2026.04.05"]
[Round "5.3"]
[White "Kolmakov, Ivan D"]
[Black "Jeknic, Velimir"]
[Result "0-1"]
[WhiteElo "2105"]
[BlackElo "1813"]
[WhiteFideId "-1"]
[BlackFideId "-1"]
[PlyCount "94"]
[GameId "2295919848090897"]
[EventDate "2026.04.03"]
[EventType "swiss"]
[EventRounds "5"]
[EventCountry "MNE"]
[SourceVersionDate "2026.04.04"]

1. e4 e6 2. d4 d5 3. Nc3 Nf6 4. e5 Nfd7 5. f4 c5 6. Nf3 Nc6 7. Be3 a6 8. Qd2 b5 9. h4 Qa5 10. h5 b4 11. Ne2 c4 12. Kf2 f6 13. g4 Be7 14. Bh3 fxe5 15. fxe5 O-O 16. g5 Ndxe5 17. dxe5 Nxe5 18. Ned4 Nxf3 19. Nxf3 e5 20. Bxc8 Raxc8 21. Rae1 c3 22. bxc3 bxc3 23. Qd1 e4 24. Rh3 Rcd8 25. Qd4 Qxa2 26. h6 Rf7 27. g6 hxg6 28. hxg7 Bf6 29. Rh8+ Kxg7 30. Rxd8 exf3 31. Qd3 Bh4+ 32. Kf1 Bxd8 33. Bd4+ Kh7 34. Re6 Qb1+ 35. Re1 Qb5 36. Bxc3 Qxd3+ 37. cxd3 g5 38. Re6 g4 39. Rd6 Bh4 40. Rxd5 Kg6 41. Rd6+ Kf5 42. Rxa6 g3 43. Ra4 g2+ 44. Kg1 Rb7 45. Ra5+ Kg4 46. Ra1 Kh3 47. Bd4 Rb2 0-1

[Event "CEDIS Festival saha 2026 - 1. turnir"]
[Site "Podgorica"]
[Date "2026.04.05"]
[Round "5.4"]
[White "Jankovic, Jovan"]
[Black "Abramovic, Dragoljub"]
[Result "0-1"]
[WhiteElo "1830"]
[BlackElo "2035"]
[WhiteFideId "-1"]
[BlackFideId "-1"]
[PlyCount "106"]
[GameId "2295921131458011"]
[EventDate "2026.04.03"]
[EventType "swiss"]
[EventRounds "5"]
[EventCountry "MNE"]
[SourceVersionDate "2026.04.04"]

1. e4 c6 2. d4 d5 3. Nc3 dxe4 4. Nxe4 Nd7 5. Bc4 Nb6 6. Bb3 Bf5 7. Qf3 e6 8. Ne2 Be7 9. c3 Nf6 10. N2g3 Nxe4 11. Nxe4 O-O 12. g4 Bxe4 13. Qxe4 Bg5 14. f4 Bh4+ 15. Kf1 Be7 16. h4 c5 17. h5 Qd7 18. Bc2 f5 19. Qd3 cxd4 20. cxd4 Rad8 21. Bb3 Nd5 22. Rg1 fxg4 23. Rxg4 Nf6 24. f5 Nxg4 25. h6 Qxd4 26. Qxd4 Rxd4 27. Bxe6+ Kh8 28. hxg7+ Kxg7 29. Ke2 Re4+ 30. Kd3 Nf2+ 31. Kc2 Rxe6 32. fxe6 Rf6 33. Be3 Rxe6 34. Rg1+ Kf7 35. Bxa7 Ne4 36. Bd4 Bf6 37. Rf1 Ke7 38. Ba7 Ra6 39. Kd3 Rxa7 40. Kxe4 Ke6 41. Rh1 Ra4+ 42. Kd3 Rd4+ 43. Ke3 Rd7 44. b3 Kf5 45. Rh5+ Bg5+ 46. Kf3 Rd3+ 47. Ke2 Rd7 48. a4 h6 49. Rh3 Ke4 50. Rc3 Rd2+ 51. Ke1 Rd3 52. Rc4+ Kf3 53. b4 Bf4 0-1

[Event "CEDIS Festival saha 2026 - 1. turnir"]
[Site "Podgorica"]
[Date "2026.04.05"]
[Round "5.5"]
[White "Zivkovic, Slaven"]
[Black "Pavlovic, David"]
[Result "0-1"]
[WhiteElo "1929"]
[BlackElo "1844"]
[WhiteFideId "-1"]
[BlackFideId "-1"]
[PlyCount "70"]
[GameId "2295935467212441"]
[EventDate "2026.04.03"]
[EventType "swiss"]
[EventRounds "5"]
[EventCountry "MNE"]
[SourceVersionDate "2026.04.04"]

1. e4 c6 2. d3 d5 3. Nd2 dxe4 4. dxe4 e5 5. Ngf3 Nd7 6. Bc4 h6 7. O-O Ngf6 8. Re1 Bc5 9. Nf1 O-O 10. h3 b5 11. Bb3 Bb7 12. Ng3 Qb6 13. Be3 Bxe3 14. Rxe3 c5 15. c3 Rad8 16. Nh4 c4 17. Bc2 Nc5 18. Qf3 Rd2 19. Re2 Rfd8 20. b3 b4 21. bxc4 bxc3 22. Rb1 Qa5 23. Rbe1 Nd3 24. Ra1 Nf4 25. Rxd2 Rxd2 26. Bb3 Qc5 27. Qe3 Qd4 28. Rc1 Nxe4 29. Nxe4 Bxe4 30. Re1 Qxe3 31. Rxe3 c2 32. Bxc2 Bxc2 33. Rxe5 Ne6 34. Nf3 Rd7 35. Rb5 f6 0-1

[Event "CEDIS Festival saha 2026 - 1. turnir"]
[Site "Podgorica"]
[Date "2026.04.05"]
[Round "5.6"]
[White "Sorochenkov, Alexander"]
[Black "Baranin, Gojko"]
[Result "1/2-1/2"]
[WhiteElo "1429"]
[BlackElo "1826"]
[WhiteFideId "-1"]
[BlackFideId "-1"]
[PlyCount "78"]
[GameId "2295936438210313"]
[EventDate "2026.04.03"]
[EventType "swiss"]
[EventRounds "5"]
[EventCountry "MNE"]
[SourceVersionDate "2026.04.04"]

1. e4 d6 2. d4 g6 3. f3 Nf6 4. Nc3 Bg7 5. Be3 Nc6 6. Qd2 a6 7. g4 e5 8. d5 Na7 9. O-O-O Bd7 10. Bh6 Bf8 11. Bxf8 Rxf8 12. h3 Nb5 13. Nge2 Qe7 14. Kb1 O-O-O 15. Ng3 Qe8 16. Nxb5 Bxb5 17. Qe3 Kb8 18. c4 Bd7 19. c5 dxc5 20. Qxc5 Bc8 21. Rc1 Qd7 22. Rc3 Qd6 23. Qc4 Nd7 24. Rb3 Nb6 25. Qb4 Ka7 26. Be2 f5 27. Qxd6 cxd6 28. Rf1 f4 29. Nh1 Na4 30. Rd3 Bd7 31. Rc1 Bb5 32. Rd2 Bxe2 33. Rxe2 Rc8 34. Rec2 Kb8 35. Rxc8+ Rxc8 36. Rxc8+ Kxc8 37. Nf2 Nc5 38. Kc2 Kc7 39. h4 h6 1/2-1/2

[Event "CEDIS Festival saha 2026 - 1. turnir"]
[Site "Podgorica"]
[Date "2026.04.05"]
[Round "5.7"]
[White "Dedic, Slavko"]
[Black "Djukic, Katarina"]
[Result "0-1"]
[WhiteElo "1884"]
[BlackElo "1732"]
[WhiteFideId "-1"]
[BlackFideId "-1"]
[PlyCount "70"]
[GameId "2295624383141653"]
[EventDate "2026.04.03"]
[EventType "swiss"]
[EventRounds "5"]
[EventCountry "MNE"]
[SourceVersionDate "2026.04.04"]

1. c4 Nf6 2. d4 g6 3. Nc3 Bg7 4. e4 d6 5. Nf3 O-O 6. Be2 e5 7. dxe5 dxe5 8. Qxd8 Rxd8 9. Bg5 Re8 10. O-O-O c6 11. Rd2 Na6 12. Rhd1 h6 13. Bh4 Bg4 14. Bg3 Nh5 15. h3 Nxg3 16. fxg3 Be6 17. a3 Nc5 18. Kc2 a5 19. a4 f5 20. Bd3 Nxd3 21. Rxd3 Bxc4 22. Rd7 b5 23. R7d6 b4 24. Rxc6 Rac8 25. Rxg6 bxc3 26. bxc3 Bf7 27. Ra6 Rc7 28. exf5 Rec8 29. f6 Rxc3+ 30. Kd2 Rc2+ 31. Ke3 Bc4 32. Nxe5 Bxa6 33. fxg7 Kxg7 34. Ng4 Re2+ 35. Kf3 Rf8+ 0-1

[Event "CEDIS Festival saha 2026 - 1. turnir"]
[Site "Podgorica"]
[Date "2026.04.05"]
[Round "5.9"]
[White "Vujadinovic, Zeljko"]
[Black "Vujovic, Andrija"]
[Result "1-0"]
[WhiteElo "1811"]
[BlackElo "1513"]
[WhiteFideId "-1"]
[BlackFideId "-1"]
[PlyCount "123"]
[GameId "2295937842798423"]
[EventDate "2026.04.03"]
[EventType "swiss"]
[EventRounds "5"]
[EventCountry "MNE"]
[SourceVersionDate "2026.04.04"]

1. d4 d5 2. Nf3 e6 3. c3 Nf6 4. Bg5 Nbd7 5. e3 Be7 6. Nbd2 O-O 7. Bd3 b6 8. Qc2 c5 9. Ne5 h6 10. Bf4 Nxe5 11. Bxe5 Bd6 12. Nf3 c4 13. Be2 Ne4 14. O-O b5 15. Bxd6 Qxd6 16. Nd2 Nxd2 17. Qxd2 a5 18. b3 e5 19. dxe5 Qxe5 20. Bf3 Rd8 21. Rfd1 Ra6 22. Qd4 Qxd4 23. Rxd4 Rad6 24. Rad1 Bf5 25. Rxd5 Rxd5 26. Rxd5 Rxd5 27. Bxd5 Bd3 28. bxc4 bxc4 29. f3 Kf8 30. Kf2 f5 31. e4 Bb1 32. Bxc4 fxe4 33. fxe4 Bxe4 34. g3 Ke7 35. Ke3 Bc6 36. Kd4 Kd6 37. Bd3 Bd5 38. c4 Be6 39. a3 g5 40. c5+ Kc6 41. a4 Bd7 42. Bb5+ Kc7 43. Bxd7 Kxd7 44. Kd5 Kc7 45. c6 h5 46. Kc5 g4 47. Kb5 Kc8 48. Kxa5 Kc7 49. Kb5 Kb8 50. Kc5 Kc7 51. Kd5 Kc8 52. Kd6 Kd8 53. c7+ Kc8 54. a5 Kb7 55. Kd7 Ka6 56. c8=Q+ Kxa5 57. Qb7 Ka4 58. Kc6 Ka3 59. Kc5 Ka2 60. Kc4 Ka1 61. Kc3 Ka2 62. Qb2# 1-0

[Event "CEDIS Festival saha 2026 - 1. turnir"]
[Site "Podgorica"]
[Date "2026.04.05"]
[Round "5.10"]
[White "Rabrenovic, Matija"]
[Black "Vujovic, Viktor"]
[Result "1-0"]
[WhiteElo "1810"]
[BlackElo "1646"]
[WhiteFideId "-1"]
[BlackFideId "-1"]
[PlyCount "127"]
[GameId "2295961555496967"]
[EventDate "2026.04.03"]
[EventType "swiss"]
[EventRounds "5"]
[EventCountry "MNE"]
[SourceVersionDate "2026.04.04"]

1. e4 c5 2. c3 e6 3. d4 d5 4. exd5 exd5 5. Bb5+ Nc6 6. Qe2+ Be6 7. Nf3 h6 8. Ne5 Rc8 9. Bf4 Nf6 10. O-O Be7 11. Ng6 fxg6 12. Qxe6 Qd7 13. Re1 Qxe6 14. Rxe6 Kf7 15. Re2 cxd4 16. Bxc6 Rxc6 17. cxd4 g5 18. Be3 Bb4 19. Na3 Bxa3 20. bxa3 Ne4 21. f3 Nc3 22. Rc2 Re8 23. Re1 Nb5 24. Rb2 Nxd4 25. Rxb7+ Kg8 26. Bf2 Rxe1+ 27. Bxe1 a6 28. Rd7 Re6 29. Bb4 Re5 30. Kf1 Ne2 31. Bc5 Kh8 32. Bf8 Re6 33. Bxg7+ Kg8 34. Bb2 Nf4 35. g3 Nd3 36. Bc3 Nc1 37. Rxd5 Nxa2 38. Bd4 Rc6 39. h4 gxh4 40. gxh4 Nc3 41. Rc5 Rxc5 42. Bxc5 Nb5 43. Kf2 Kf7 44. Ke3 Ke6 45. Kf4 Kf6 46. Kg4 Kg6 47. h5+ Kg7 48. Kf5 Kf7 49. f4 a5 50. Ke5 Nc3 51. f5 Nb5 52. f6 a4 53. Be7 Nc3 54. Bb4 Nb5 55. Bd2 Nxa3 56. Bxh6 Nc2 57. Bc1 Nb4 58. Kf5 Nd5 59. Bb2 a3 60. Bd4 a2 61. h6 Ne3+ 62. Kg5 Nc2 63. Be5 Ne3 64. h7 1-0

[Event "CEDIS Festival saha 2026 - 1. turnir"]
[Site "Podgorica"]
[Date "2026.04.05"]
[Round "5.11"]
[White "Vesovic, Nebojsa"]
[Black "Koprivica, Andrija"]
[Result "0-1"]
[WhiteElo "1807"]
[BlackElo "1807"]
[WhiteFideId "-1"]
[BlackFideId "-1"]
[PlyCount "60"]
[GameId "2295963595231584"]
[EventDate "2026.04.03"]
[EventType "swiss"]
[EventRounds "5"]
[EventCountry "MNE"]
[SourceVersionDate "2026.04.04"]

1. Nf3 Nf6 2. c4 e6 3. g3 d5 4. Bg2 c5 5. O-O Be7 6. d3 O-O 7. Nbd2 b6 8. Ne5 Bb7 9. Ndf3 Qc7 10. h3 Nbd7 11. Nxd7 Nxd7 12. a4 a5 13. b3 d4 14. h4 Bd6 15. e4 dxe3 16. Bxe3 Ne5 17. d4 Nxf3+ 18. Bxf3 Rad8 19. Bxb7 Qxb7 20. Ra2 cxd4 21. Bxd4 Bc5 22. Rd2 Bb4 23. Rd3 Qd7 24. Qg4 e5 25. Qxd7 Rxd7 26. Rfd1 Rfd8 27. f3 Rxd4 28. Rxd4 exd4 29. Kf2 d3 30. Ke3 d2 0-1

[Event "CEDIS Festival saha 2026 - 1. turnir"]
[Site "Podgorica"]
[Date "2026.04.05"]
[Round "5.13"]
[White "Mitrovic, Danilo"]
[Black "Shevtsov, Egor"]
[Result "0-1"]
[WhiteElo "1629"]
[BlackElo "1501"]
[WhiteFideId "-1"]
[BlackFideId "-1"]
[PlyCount "66"]
[GameId "2295966536229523"]
[EventDate "2026.04.03"]
[EventType "swiss"]
[EventRounds "5"]
[EventCountry "MNE"]
[SourceVersionDate "2026.04.04"]

1. e4 e6 2. d4 d5 3. e5 c5 4. c3 Qb6 5. f4 Nc6 6. Nf3 Bd7 7. Be2 Nh6 8. O-O cxd4 9. cxd4 Nf5 10. Nc3 Ncxd4 11. Kh1 Nxe2 12. Nxe2 Bc5 13. Ng3 Nxg3+ 14. hxg3 Bb5 15. b3 Bxf1 16. Qxf1 Rc8 17. Qd3 Qa6 18. Qd1 O-O 19. Bb2 Rc6 20. f5 exf5 21. Qxd5 Rh6+ 22. Nh4 Be7 23. Qd7 Bxh4 24. gxh4 Rxh4+ 25. Kg1 Qb6+ 26. Kf1 Rh1+ 27. Ke2 Rxa1 28. Bxa1 Qg1 29. Bd4 Qxg2+ 30. Bf2 Qe4+ 31. Kd2 Qxe5 32. Qxb7 Rd8+ 33. Kc2 Qe2+ 0-1

[Event "CEDIS Festival saha 2026 - 1. turnir"]
[Site "Podgorica"]
[Date "2026.04.05"]
[Round "5.14"]
[White "Vukovic, Stefan"]
[Black "Markovic, Janko"]
[Result "1/2-1/2"]
[WhiteElo "1519"]
[BlackElo "1587"]
[WhiteFideId "-1"]
[BlackFideId "-1"]
[PlyCount "104"]
[GameId "2295967942595348"]
[EventDate "2026.04.03"]
[EventType "swiss"]
[EventRounds "5"]
[EventCountry "MNE"]
[SourceVersionDate "2026.04.04"]

1. d4 d5 2. Nf3 Nf6 3. c4 e6 4. Nc3 Bb4 5. Qa4+ Nc6 6. g3 Bd7 7. Qc2 O-O 8. Bg2 Bxc3+ 9. Qxc3 Ne4 10. Qc2 Nb4 11. Qd1 dxc4 12. Nd2 Nxd2 13. Bxd2 Nc6 14. d5 exd5 15. Bxd5 Be6 16. Bxc6 bxc6 17. O-O Bh3 18. Re1 Qd5 19. e4 Qd4 20. Bb4 Qxd1 21. Raxd1 Rfe8 22. Rc1 Be6 23. f4 f6 24. Rcd1 Red8 25. Ba5 Rd7 26. f5 Rxd1 27. Rxd1 Bf7 28. Rd7 Be8 29. Rxc7 Rb8 30. Bc3 a6 31. Ra7 Rb6 32. a4 c5 33. e5 Bxa4 34. exf6 gxf6 35. Ra8+ Kg7 36. Ra7+ Kf8 37. Rxh7 Bc2 38. Rc7 Bxf5 39. Rxc5 Bd3 40. h4 f5 41. h5 Rh6 42. Bb4 Ke8 43. Ra5 Rxh5 44. Rxa6 Rg5 45. Kf2 Kf7 46. Bd2 Rh5 47. Kg2 Be4+ 48. Kf2 Rh2+ 49. Ke1 Rh1+ 50. Kf2 Rh2+ 51. Ke1 Rh1+ 52. Kf2 Rh2+ 1/2-1/2